00493 2200205 4500001002100000008004100021035002000062245004900082100002200131250000600153260003300159300001100192084001400203082000800217650001400225990001200239990001200251990001200263990001200275INLIS000000000000527 ind  a0010-0424000503 aMengelola Dana Kas di BankcFiki Puspitasari aPuspitasari, Fiki a1 aKlaten :bIntan Sejatic2010 a84 hlm a332 FIK m a332 aNon Fiksi a0722136 a0722137 a0722138 a0722139